000 00788cam a22002533a 4500
001 31027
003 PGUSA
005 20140828083654.0
008 100120s2010||||xxu|||||s|||||000 p eng d
040 _aPGUSA
_beng
042 _adc
050 4 _aPS
100 1 _aLegler, Henry Eduard,
_d1861-1917
245 1 0 _aWalt Whitman, Yesterday and Today
_h[electronic resource] /
_cHenry Eduard Legler
260 _bProject Gutenberg,
_c2010
506 _aPublic domain in the USA.
516 _aElectronic text
653 _aWhitman, Walt, 1819-1892 -- Criticism and interpretation
653 _aWhitman, Walt, 1819-1892 -- Poetry
740 0 _aWalt Whitman, Yesterday and Today
830 0 _aProject Gutenberg
_v31027
856 4 0 _uhttp://www.gutenberg.org/ebooks/31027
942 _cEB
999 _c260282
_d260282